000 04500cam a22006254i 4500
003 PE-LiUPU
005 20250731180151.0
008 150706s2007 r 000 0 d
020 _a9701056957
035 _a(Sirsi) i9789701056950
040 _aPE-LiUPU
_bspa
_cPE-LiUPU
_erda
049 _aPRUA
082 0 4 _a574.192
_bH48
_221
082 0 4 _a574.192
_bH49 2006
_221
100 1 _aHicks Gómez, Juan José,
_eautor.
245 1 0 _aBioquímica /
_cJuan José Hicks Gómez.
250 _a2a ed.
264 1 _aMéxico, D.F. :
_bMcGraw-Hill Interamericana,
_c2007.
300 _axvi, 887 páginas :
_bilustraciones ;
_c27 cm.
336 _atext
_2rdacontent
337 _aunmediated
_2rdamedia
338 _avolume
_2rdacarrier
504 _aIncluye referencias bibliográficas al final de cada capítulo.
505 0 _aBases moleculares de la función celular -- Las células y su origen -- Isomerismo en biomoléculas -- El agua: propiedades y capacidad disolvente de las biomoléculas -- Estructura y función de aminoácidos, péptidos y proteínas -- Regulación del equilibrio acidobásico -- Termodinámica en biología -- Enzimas -- Enzimas y marcadores de utilidad diagnóstica -- Lípidos: estructura y propiedades -- Carbohidratos: estructura, configuración y propiedades -- Glucoproteínas y proteoglucanos -- Biomembranas y fenómenos de transporte -- Ingreso y transporte de oxígeno -- Metabolismo intermediario. Carbohidratos -- Glucólisis -- Glucógeno: metabolismo y sus alteraciones -- Gluconeogénesis -- El ciclo de las pentosas -- Lípidos -- Ácidos grasos: oxidación -- Cuerpos cetónicos: biosíntesis y degradación. Cetoacidosis -- Ácidos grasos y eicosanoides: biosíntesis -- Triacilgliceroles y glicerofosfolípidos: metabolismo -- Esfingolípidos: biosíntesis y catabolismo -- Colesterol -- Oxidaciones biológicas -- Ciclo del ácido cítrico -- Transferencia de electrones y respiración en la mitocondria. Fosforilación oxidativa -- Las lipoproteínas -- Biología molecular -- Aminoácidos: biosíntesis -- Aminoácidos: recambio y degradación -- Comunicación interneuronal: bases morfofisiológicas -- Nucleósidos, nucleótidos y ácidos nucleicos -- Purinas, pirimidinas y nucleótidos -- Síntesis de ácido desoxirribonucleico y ácido ribonucleico -- El código genético: síntesis de proteínas -- Endocrinología molecular y bioquímica especial -- Hormonas esteroides: metabolismo -- Hormonas esteroides: mecanismo de acción -- Hormonas: mecanismos de acción (transducción membranal) -- Transducción de señales: de la membrana a la actividad genética -- Óxido nítrico -- Especies reactivas del oxígeno (ERO): bioquímica inorgánica y biomedicina -- El endotelio vascular: aspectos morfofuncionales -- Porfirinas y grupo hemo: síntesis y degradación -- Biotransformación de xenobióticos -- Alteraciones de la glucosilación en enfermedades humanas -- Bioquímica del ejercicio -- Nutrición humana -- Manipulación genética de organismos superiores.
526 _aSEG44
526 _aSEG26
526 _aP159
526 _aP155
526 _aP154
526 _aP153
526 _aP150
526 _aP100
526 _aP31
526 _aP30
526 _aP26
526 _aP25
526 _aP24
526 _aP22
526 _aP15
526 _aP10
541 _g015-001551;
541 _g001-00003175;
650 0 4 _aBioquímica.
_9524
650 0 4 _aBiología molecular.
_9709
650 0 4 _aMetabolismo.
_9393
650 0 4 _aBiologia Celular .
910 _btqv
_caic
_d20170125
942 _2ddc
_cBOOK
949 _a574.192 H48
_wDEWEY
_c1
_i67445
_lCCODEBUL1
_mBUL
_p82.00
_r0
_sY
_tBOOK
_u2015-7-6
_xINGENIERIA
_PP24
_o.STAFF. Colección General
949 _a574.192 H49 2006
_wDEWEY
_c1
_iFJ05962
_lCCODEBUJ1
_mBUJ
_p00.00
_r0
_sY
_tBOOK
_u2017-01-25
_xBIBLIOTECA
_zUNKNOWN
_0COMPRA
_o.STAFF. Colección General Juliaca
994 _aC0
_bPEPRU
596 _a1 3
999 _a574.192 H48
_wDEWEY
_c55097
_i67445
_d55097
_e2018-4-11
_f2021-11-5
_g7
_lCCODEBUL1
_mBUL
_n16
_p82.00
_q12
_r0
_sY
_tBOOK
_u2015-7-6
_xBIBLIOTECA
_PP24
_0COMPRA
_o.STAFF. Colección General
999 _a574.192 H49 2006
_wDEWEY
_c1
_iFJ05962
_d2019-9-30
_e2019-5-24
_f2022-1-25
_g4
_lCCODEBUJ1
_mBUJ
_n2
_q3
_r0
_sY
_tBOOK
_u2017-1-25
_xBIBLIOTECA
_zUNKNOWN
_0COMPRA
_o.STAFF. Colección General Juliaca
980 _81
_gALBERTO SANCHEZ Responsable de Automatización